Annual review of plant physiology and plant molecular biology. V 42. 1991 (Record no. 44978)

MARC details
000 -LEADER
fixed length control field 00369nam a2200121Ia 4500
082 ## - DEWEY DECIMAL CLASSIFICATION NUMBER
Classification number 581.1
Item number ANN.42
245 #0 - TITLE STATEMENT
Title Annual review of plant physiology and plant molecular biology. V 42. 1991
260 ## - PUBLICATION, DISTRIBUTION, ETC. (IMPRINT)
Place of publication California
Name of publisher Annual Reviews
Year of publication 1991
650 ## - SUBJECT ADDED ENTRY--TOPICAL TERM
Topical Term Plant molecular biology
650 ## - SUBJECT ADDED ENTRY--TOPICAL TERM
Topical Term Plant physiology
942 ## - ADDED ENTRY ELEMENTS (KOHA)
Koha item type Books
Holdings
Withdrawn status Lost status Damaged status Not for loan Collection code Home library Current library Date acquired Full call number Accession Number Koha item type
        Journal register RRII Library RRII Library 16/12/2021 581.1 ANN.42 J20489 Books